La justicia con la naturaleza

Bibliographic Details
Main Author: Klett Lasso de la Vega, Patricia
Other Authors: Martn̕ez de Anguita, Pablo
Format: eBook
Language:Spanish
Published: Madrid: Dykinson, 2013
Subjects:
Online Access:Acceso restringido

MARC

LEADER 00000nam a22000007a 4500
005 20140604002612.0
007 cr|||| ||||
008 140604s2013 es |||||s|||| 00||0 spa d
020 |a 978-84-9031-833-1 
035 |a 12193 
040 |a vLex 
090 |c 4997  |d 4997 
100 1 |a Klett Lasso de la Vega, Patricia 
245 1 3 |a La justicia con la naturaleza  |h [Recurso electrn̤ico] /  |c Patricia Klett Lasso de la Vega, Pablo Martn̕ez de Anguita 
256 |a Servicio en ln̕ea 
260 |a Madrid:  |b Dykinson,  |c 2013 
300 |a 1 recurso electrn̤ico 
506 1 |a Disponible solo en los productos indicados  |d vLex Global  |d vLex Global (Academic Edition, excluding Law Schools)  |d vLex Global (U.S. Academic Edition, Law Schools)  |d vLex Global (U.S. Academic Edition, excluding Law Schools)  |d vLex Global (Academic Edition, Law Schools) 
650 0 4 |a Derecho del Medio Ambiente  |z Espaą 
650 0 4 |a Administracin̤ de Justicia  |z Espaą 
700 1 |a Martn̕ez de Anguita, Pablo 
740 0 |a vLex Libros (Servicio en ln̕ea) 
856 4 0 |u http://vlex.com/source/justicia-naturaleza-12193  |z Acceso restringido 
942 |c BOOK 
999 0 |a Environmental Law  
999 0 |a Administration of Justice